Revista mexicana de filosofía /

Este número de la revista incluye estudios críticos e históricos sobre filósofos como Kant, Heidegger y Ortega y Gasset, entre otros artículos.

Uloženo v:
Podrobná bibliografie
Další autoři: Vasconcelos, José (dirección) (dirección)
Médium: Kniha
Jazyk:španělština
Témata:
Tagy: Přidat tag
Žádné tagy, Buďte první, kdo vytvoří štítek k tomuto záznamu!

MARC

LEADER 00000nam^a2200000^a^4500
001 000112854
005 20250521000000.0
009 20260310093923.457
037 |a Acervo ITESO - Biblioteca 
041 |a ESP 
082 |a 105.  |b REV MEX V. 1 
240 1 1 |a [Revista mexicana de filosofía] 
245 1 0 |a Revista mexicana de filosofía /  |c Dir. de J. Vasconcelos. 
264 |a México :  |b Sociedad Mexicana de Filosofía,  |c fecha no identificada 
300 |a 86 p. 
336 |a texto  |b txt  |2 rdacontenido 
337 |a sin mediación  |b n  |2 rdamedio 
338 |a volumen  |b nc  |2 rdasoporte 
520 |a Este número de la revista incluye estudios críticos e históricos sobre filósofos como Kant, Heidegger y Ortega y Gasset, entre otros artículos. 
649 |a XX 
650 |a Filosofía -  |x Publicaciones Periódicas Mexicanas 
650 |a Filosofía -  |x Congresos 
650 |a Existencialismo 
650 |a Metafísica 
650 |a Fenomenología 
650 |a Criticismo 
650 |a Irracionalismo 
650 |a Etica 
650 |a Filosofía del Siglo XIX 
650 |a Filosofía del Siglo XX 
650 |a Heidegger, Martin 
650 |a Ortega y Gasset, José 
650 |a Kant, Immanuel 
650 |a Escritores Alemanes 
650 |a Literatura Alemana -  |y Siglo XVIII 
650 |a Literatura Alemana -  |y Siglo XIX 
650 |a Goethe, Johann Wolfgang 
700 |a Vasconcelos, José  |e (dirección) 
910 |a Fondo Salvador Reynoso Reynoso 
920 |a Impresos - Libros 
930 |a Fondos Especiales 
905 |a 112 
901 |a 0800002002  |b IT2  |c ESP  |u 20250521 
902 |a https://opac.biblio.iteso.mx/vufind/Record/000112854